000 00940cam a2200253 a 4500
001 000035204
005 20200930074156.0
008 760805s1955 sp b 000 0 spa
040 _aDO-SdBNP
_bspa
_cBNPHU
082 _a150
_bG322i, 1955
100 1 _aGemelli, A.
_960945
240 1 0 _aIntroduzione alla Psicologia.
_lEspañol.
245 1 0 _aIntroducción a la psicología /
_cA. Gemelli, O.F.M., G. Zunini ; traducción autorizada por los autores por Fernando Gutiérrez.
250 _a2a ed.
260 _aBarcelona :
_bLuis Miracle,
_c1955.
300 _a547 p. ;
_c20 cm.
490 1 _aBiblioteca de antropología
_v11
500 _aTraducido del italiano
590 _aPerteneció a la biblioteca personal de Juan Isidro Jimenes Grullón.
700 1 2 _aZunini, G.
_960946
700 1 2 _aGutierrez Astete, Fernando,
_etr.
_960947
830 0 _aBiblioteca de antropología
_n11
_960948
910 _aValidado. Control de calidad MFF
999 _c34695
_d34695